| 000 | 01874nam a2200277Ia 4500 | ||
|---|---|---|---|
| 003 | OSt | ||
| 005 | 20210521121141.0 | ||
| 008 | 210310s2013 sp gr 001 0 s d | ||
| 020 | _a9788415664239 | ||
| 040 |
_aCO-JMCR _cCO-JMCR |
||
| 041 | 0 | _aspa | |
| 082 | 0 | 4 |
_a330.156 / _bT692k _223 |
| 100 | 1 |
_aTorrero Mañas, Antonio, _915752 _eautor |
|
| 245 | 1 | 0 |
_aKeynes y la crisis financiera actual / _cAntonio Torrero Mañas |
| 260 |
_aMadrid : _bMarcial Pons, _c2013 |
||
| 300 |
_a180 páginas ; _c21 cm. |
||
| 490 | 0 | _aColección Economía | |
| 500 | _aIncluye notas a pie de página e índices de materias y autores. | ||
| 504 | _aBibliografía: páginas 161-171 | ||
| 505 | 0 | _aDos conferencias sobre la crisis en la Universidad de Alcalá: octubre de 2011 -- La crisis financiera internacional -- La crisis de la economía española -- Sistema financiero y productividad económica -- Keynes y la crisis financiera actual | |
| 520 | 3 | _aEl libro esta formado por tres trabajos: Dos conferencias sobre la crisis. Octubre 2011. Texto de las conferencias que impartí por cuarto año consecutivo, en los primeros días del curso académico sobre la crisis financiera actual y su impacto sobre la economía española. Sistema Financiero y Productividad Económica. Se intenta explicar las razones y consecuencias del hiperdesarrollo de las finanzas en relación a los sectores reales. Keynes y la crisis financiera actual. La obra de Keynes es inspiradora para analizar la crisis financiera por los motivos siguientes: a) era un experto en finanzas; b) destaca en su pensamiento la incertidumbre; c) observó directamente la Gran Depresión; d) participó activamente en la creación del Fondo Monetario Internacional. | |
| 650 | 1 | 4 |
_aCrisis financiera _915754 |
| 650 | 2 | 4 |
_aFinanzas internacionales _95881 |
| 650 | 2 | 4 |
_aEconomía keynesiana _94935 |
| 942 |
_2ddc _cBK |
||
| 999 |
_c7895 _d7895 |
||